|
|
|
|
| LEADER |
00000naa2a2200000 4500 |
| 001 |
96361 |
| 005 |
20231031110510.0 |
| 035 |
|
|
|a (RuTPU)RU\TPU\book\103160
|
| 090 |
|
|
|a 96361
|
| 100 |
|
|
|a 20060512d2002 k y0rusy50 ca
|
| 101 |
0 |
|
|a rus
|
| 102 |
|
|
|a RU
|
| 200 |
1 |
|
|a Работа в on-line: бронирование туров
|f А. А. Хусаинова, Е. В. Якушина
|
| 463 |
|
0 |
|0 (RuTPU)RU\TPU\book\68542
|t Актуальные проблемы гуманитарных наук
|o Труды 1 региональной научно-практической конференции студентов, аспирантов и молодых ученых. 8-15 апреля 2002
|f Томский политехнический университет
|v С. 195-196.
|d 2002
|p 208 с.
|
| 610 |
1 |
|
|a услуги
|
| 610 |
1 |
|
|a туризм
|
| 610 |
1 |
|
|a туроператоры
|
| 610 |
1 |
|
|a информационные технологии
|
| 610 |
1 |
|
|a Интернет
|
| 610 |
1 |
|
|a бронирование
|
| 610 |
1 |
|
|a труды учёных ТПУ
|
| 700 |
|
1 |
|a Хусаинова
|b А. А.
|
| 701 |
|
1 |
|a Якушина
|b Е. В.
|
| 801 |
|
1 |
|a RU
|b 63413507
|c 20060512
|g PSBO
|
| 801 |
|
2 |
|a RU
|b 63413507
|c 20081211
|g PSBO
|
| 942 |
|
|
|c BK
|